Normal view
MARC view
- García Martínez, Pablo Guillermo
Entry Nombre Personal
001 - NUMERO DE CONTROL
- campo de control: 30998
003 - IDENTIFICADOR DE NUMERO DE CONTROL
- campo de control: UPN
005 - FECHA Y HORA DE LA ÜLTIMA TRANSACCIÓN
- campo de control: 20210219194419.0
008 - DATOS DE LONGITUD FIJA
- campo de control de longitud fija: nabaccnnaabn|||||||||| b |nc|||||d
035 ## - NUMERO DE CONTROL
- Número de control: UPN11000003104
040 ## - FUENTE DE CATALOGACIÓN
- Lenguaje de catalogación: SPA
- Agencia de transcripción: UPN
100 1# - ENCABEZAMIENTO - NOMBRE PERSONAL
- Nombre personal: García Martínez, Pablo Guillermo
400 1# - VEÁSE - NOMBRE DE PERSONA
- Personal name: García M., Pablo Guillermo
670 ## - FUENTE EN LA QUE SE LOCALIZARON DATOS
- Cita de la fuente: T
- Uniform Resource Identifier: http://www.unilibro.es/find_buy_es/product.asp?sku=190141&idaff=0
902 ## - CATALOGADOR
- Catalogador: CAA/240511
